| 000 -LEADER |
| fixed length control field |
01817cam a22003737i 4500 |
| 001 - CONTROL NUMBER |
| control field |
20110827 |
| 003 - CONTROL NUMBER IDENTIFIER |
| control field |
NUST |
| 005 - DATE AND TIME OF LATEST TRANSACTION |
| control field |
20240304130438.0 |
| 008 - FIXED-LENGTH DATA ELEMENTS--GENERAL INFORMATION |
| fixed length control field |
171030s2018 enka b 001 0 eng |
| 010 ## - LIBRARY OF CONGRESS CONTROL NUMBER |
| LC control number |
2017959226 |
| 020 ## - INTERNATIONAL STANDARD BOOK NUMBER |
| International Standard Book Number |
9780500021804 |
| Qualifying information |
(hardcover) |
| 038 ## - RECORD CONTENT LICENSOR |
| Staff Name |
Malang Jan |
| 040 ## - CATALOGING SOURCE |
| Original cataloging agency |
DLC |
| Language of cataloging |
eng |
| Description conventions |
rda |
| Transcribing agency |
DLC |
| Modifying agency |
DLC |
| 050 00 - LIBRARY OF CONGRESS CALL NUMBER |
| Classification number |
MLCL 2022/40280 (N) |
| 082 ## - DEWEY DECIMAL CLASSIFICATION NUMBER |
| Classification number |
709.04 |
| Author Mark |
WEB |
| 130 0# - MAIN ENTRY--UNIFORM TITLE |
| Uniform title |
Esprit du Bauhaus. |
| Language of a work |
English. |
| 9 (RLIN) |
121803 |
| 245 14 - TITLE STATEMENT |
| Title |
The spirit of the Bauhaus / |
| Statement of responsibility, etc. |
Raphaèle Billé, Monique Blanc, Marie-Sophie Carron de la Carrière, Louise Curtis, Nicholas Fox Weber, Olivier Gabet, Jean-Louis Gaillemin, Mathieu Mercier, Anne Monier, Béatrice Quette ; translated from the French by Ruth Sharman ; head of publishing, Chloé Demey. |
| 264 #1 - PRODUCTION, PUBLICATION, DISTRIBUTION, MANUFACTURE, AND COPYRIGHT NOTICE |
| Place of production, publication, distribution, manufacture |
London ; |
| -- |
New York, New York : |
| Name of producer, publisher, distributor, manufacturer |
Thames & Hudson, |
| Date of production, publication, distribution, manufacture, or copyright notice |
2018. |
| 300 ## - PHYSICAL DESCRIPTION |
| Extent |
263 pages : |
| Other physical details |
illustrations (some color) ; |
| Dimensions |
31 cm |
| 336 ## - CONTENT TYPE |
| Content type term |
text |
| Content type code |
txt |
| Source |
rdacontent |
| 337 ## - MEDIA TYPE |
| Media type term |
unmediated |
| Media type code |
n |
| Source |
rdamedia |
| 338 ## - CARRIER TYPE |
| Carrier type term |
volume |
| Carrier type code |
nc |
| Source |
rdacarrier |
| 362 ## - DATES OF PUBLICATION AND/OR SEQUENTIAL DESIGNATION |
| Dates of publication and/or sequential designation |
2018. |
| 500 ## - GENERAL NOTE |
| General note |
Minimal Level Cataloging Plus. |
| Institution to which field applies |
DLC |
| 504 ## - BIBLIOGRAPHY, ETC. NOTE |
| Bibliography, etc. note |
Includes bibliographical references (pages 256-258) and index. |
| 505 2# - FORMATTED CONTENTS NOTE |
| Formatted contents note |
Foreword / Catherine Tsekenis -- Preface / Pierre-Alexis Dumas and Olivier Gabet -- Not just lucky enough to know them but to eat with them / Nicholas Fox Weber -- Esotericism at the Bauhaus / Jean Louis Gaillemin. |
| 610 20 - SUBJECT ADDED ENTRY--CORPORATE NAME |
| Corporate name or jurisdiction name as entry element |
Bauhaus |
| Form subdivision |
Exhibitions. |
| 9 (RLIN) |
121804 |
| 650 #0 - SUBJECT ADDED ENTRY--TOPICAL TERM |
| Topical term or geographic name entry element |
Art movements |
| Geographic subdivision |
Germany |
| General subdivision |
History |
| Chronological subdivision |
20th century |
| Form subdivision |
Exhibitions. |
| 9 (RLIN) |
121805 |
| 700 1# - ADDED ENTRY--PERSONAL NAME |
| Personal name |
Weber, Nicholas Fox, |
| Dates associated with a name |
1947- |
| Relator term |
contributor. |
| 9 (RLIN) |
121752 |
| 700 1# - ADDED ENTRY--PERSONAL NAME |
| Personal name |
Billé, Raphaèle, |
| Relator term |
contributor. |
| 9 (RLIN) |
121806 |
| 906 ## - LOCAL DATA ELEMENT F, LDF (RLIN) |
| a |
7 |
| b |
cbc |
| c |
orignew |
| d |
4 |
| e |
ncip |
| f |
20 |
| g |
y-gencatlg |
| 942 ## - ADDED ENTRY ELEMENTS (KOHA) |
| Source of classification or shelving scheme |
|
| Koha item type |
Book |